[Event "Pardubice rapid op 33rd"]
[Site "Pardubice"]
[Date "2022.07.20"]
[Round "2"]
[White "Jurek, Josef"]
[Black "Vlasak, Jiri"]
[Result "1-0"]
[WhiteElo "2200"]
[BlackElo "1817"]
[PlyCount "41"]
[EventDate "2022.07.20"]
[EventType "swiss (rapid)"]
[EventRounds "9"]
[EventCountry "CZE"]
[SourceTitle "CBM 209 Extra"]
[Source "ChessBase"]
[SourceDate "2022.09.30"]
[SourceVersion "1"]
[SourceVersionDate "2022.09.30"]
[SourceQuality "1"]

1. Nf3 d5 2. c4 e6 3. g3 c6 4. Bg2 f5 5. 0-0 Nf6 6. d3 Be7 7. Nbd2 0-0 8. Qc2 Qe8 9. e4 fxe4 10. dxe4 dxe4 11. Nxe4 Nbd7 12. Bf4 Nh5 13. Bg5 g6 14. Rfe1 Ndf6 15. Bh6 Ng7 16. Neg5 Bc5 17. Re2 Ng4 18. Bxg7 Kxg7 19. Rae1 Rf6 20. Ne4 Rf5 21. Qc3+ 1-0

[Event "Czechia KP-chTB 0607"]
[Site "Czech Republic"]
[Date "2007.04.01"]
[Round "11.6"]
[White "Dusek, Vladimir"]
[Black "Vlasak, Jiri"]
[Result "0-1"]
[WhiteElo "1606"]
[BlackElo "1921"]
[PlyCount "82"]
[EventDate "2006.10.29"]
[EventType "team-tourn"]
[EventRounds "11"]
[EventCountry "CZE"]
[SourceTitle "EXT 2008"]
[Source "ChessBase"]
[SourceDate "2007.11.25"]
[SourceVersion "1"]
[SourceVersionDate "2007.11.25"]
[SourceQuality "1"]
[WhiteTeam "Sendrazice"]
[BlackTeam "Kolin II"]
[WhiteTeamCountry "CZE"]
[BlackTeamCountry "CZE"]

1. d4 d5 2. c4 e6 3. Nc3 Nf6 4. Bg5 Nbd7 5. Nf3 c6 6. a3 dxc4 7. e4 Qa5 8. Qc2 b5 9. Rc1 h6 10. Bd2 Qb6 11. g3 Bb7 12. Bg2 c5 13. a4 a6 14. dxc5 Nxc5 15. 0-0 Nd3 16. Be3 Bc5 17. Bxc5 Qxc5 18. e5 Ng4 19. Nxb5 axb5 20. Qxd3 Nxe5 21. Nxe5 Qxe5 22. Qc3 Qxc3 23. Rxc3 Bxg2 24. Kxg2 Rxa4 25. b3 Ra3 26. Rfc1 Ke7 27. bxc4 Rxc3 28. Rxc3 Rc8 29. c5 Kd7 30. Kf3 Kc6 31. Ke4 b4 32. Rc1 b3 33. Kd4 b2 34. Rb1 Rb8 35. Kc4 e5 36. f3 Rb5 37. f4 exf4 38. gxf4 Rxc5+ 39. Kd4 Rb5 40. Kc4 Rb7 41. Kc3 Kd5 0-1